Active and Inactive Renin in Human Plasma Renal Arteriovenous Differences and Relationships with Angiotensin and Renin-Substrate /

Elmentve itt :
Bibliográfiai részletek
Szerzők: Millar John A.
Leckie Brenda J.
Semple Peter F.
Morton James J.
Sonkodi Sándor
Robertson J. Ian
Dokumentumtípus: Cikk
Megjelent: 1978
Sorozat:CIRCULATION RESEARCH 43 No. 1
Tárgyszavak:
mtmt:3088323
Online Access:http://publicatio.bibl.u-szeged.hu/33740
LEADER 00981nab a2200277 i 4500
001 publ33740
005 20250603140628.0
008 250603s1978 hu o 000 eng d
022 |a 0009-7330 
024 7 |a 3088323  |2 mtmt 
040 |a SZTE Publicatio Repozitórium  |b hun 
041 |a eng 
100 1 |a Millar John A. 
245 1 0 |a Active and Inactive Renin in Human Plasma   |h [elektronikus dokumentum] :  |b Renal Arteriovenous Differences and Relationships with Angiotensin and Renin-Substrate /  |c  Millar John A. 
260 |c 1978 
300 |a I120-I127 
490 0 |a CIRCULATION RESEARCH  |v 43 No. 1 
650 4 |a Biológiai tudományok 
650 4 |a Általános orvostudomány 
650 4 |a Klinikai orvostan 
700 0 1 |a Leckie Brenda J.  |e aut 
700 0 1 |a Semple Peter F.  |e aut 
700 0 1 |a Morton James J.  |e aut 
700 0 1 |a Sonkodi Sándor  |e aut 
700 0 1 |a Robertson J. Ian  |e aut 
856 4 0 |u http://publicatio.bibl.u-szeged.hu/33740/1/aok_klny_458_78.pdf  |z Dokumentum-elérés